| 000 | 01007pam a2200301 a 4500 | ||
|---|---|---|---|
| 001 | 3327 | ||
| 005 | 20250702103237.0 | ||
| 020 | _a9780590621861 | ||
| 040 |
_aDLC _cDLC _dDLC _beng |
||
| 050 | 0 | 0 |
_aPZ7.L8432 _b1994 |
| 082 | 0 | 0 | _a597.89 |
| 100 | 1 |
_aLondon, Jonathan _d1947- |
|
| 245 | 1 | 0 |
_aLet's go, Froggy! / _cby Jonathan London ; illustrated by Frank Remkiewicz. |
| 250 | _aFirst Scholastic printing , March 1996 | ||
| 260 |
_aNew York : _bScholastic, _c1994 |
||
| 300 |
_a32 unnumbered pages : _bcolor illustrations ; _c21 cm . |
||
| 490 | _aFroggy | ||
| 505 | _aG | ||
| 520 | _aFroggy and his father search the house for the mislaid items they will need on their bike trip. | ||
| 521 |
_a420
_bLexile |
||
| 521 |
_aG
_bRaz-Plus |
||
| 650 | 1 |
_aFrogs _xFiction |
|
| 650 | 1 |
_aFathers and sons _xFiction |
|
| 650 | 1 |
_aLost and found possessions _xFiction |
|
| 700 | 1 |
_aRemkiewicz, Frank _eillustrator |
|
| 906 |
_a7 _bcbc _corignew _d1 _eocip _f19 _gy-gencatlg |
||
| 942 |
_2ddc _cBK _n0 |
||
| 999 |
_c3327 _d3327 |
||